000 004170000a22001690004500
041 0 _aENG
082 0 4 _aG 305.4 F8993f
100 1 _aFriedan, Betty
245 1 0 _aThe feminine mystique / Betty Friedan
260 _aNew York, N.Y., USA : Dell
300 _a384 Pag
001 9430
942 _cBK
999 _c39442
_d39442
336 _atexto
_btxt
_2rdacontent
337 _2rdamedia
_asin mediación
_bn
338 _2rdacarrier
_avolumen
_bnc